Titan's new almanack for the year of Christian account 1729 : ... Fitted to the latitude of 40 degrees north, and a meridian of five hours west from London, but may, without sensible error, serve all the adjacent places from Placentia to South Carolina.

Bibliographic Details
Main Author: Leeds, Titan, 1699-1738
Format: eBook
Language:English
Series:Early American imprints. Evans (1639-1800) ; no. 39916.
Subjects:
Online Access:Evans Digital Edition

MARC

Tag First Indicator Second Indicator Subfields
LEADER 00000cam a22000001a 4500
001 in00002139608
006 m e d #
007 cr mn mmmmabba
008 870403s1728 nyu a s 000 0 eng d
005 20260331162135.8
035 |z w002222 
035 |a MAAR8704033301B 
035 |9 mwa91-3557 
035 |a 320809 
035 |a aas03002222 
040 |a MWA  |c MWA  |e bdrb  |d UtOrBLW 
100 1 |a Leeds, Titan,  |d 1699-1738. 
245 1 0 |a Titan's new almanack for the year of Christian account 1729 :  |b ... Fitted to the latitude of 40 degrees north, and a meridian of five hours west from London, but may, without sensible error, serve all the adjacent places from Placentia to South Carolina. 
264 3 |a [New York] :  |b Printed and sold by William Bradford,  |c 1729 [i.e., 1728?] 
300 |a 20 unnumbered pages :  |b illustrations ;  |c (octavo) 
336 |a text  |b txt  |2 rdacontent 
337 |a computer  |b c  |2 rdamedia 
338 |a online resource  |b cr  |2 rdacarrier 
500 |a "The arms of the family of Leeds" at head of title. 
510 4 |a Bristol  |c B803 
510 4 |a Shipton & Mooney  |c 39916 
510 4 |a Drake, M. Almanacs,  |c 5582 
530 |a Microform version available in the Readex Early American Imprints series. 
533 |a Electronic text and image data.  |b [Chester, Vt. :  |c Readex, a division of Newsbank, Inc.,  |d 2002-2004.  |e Includes files in TIFF, GIF and PDF formats with inclusion of keyword searchable text.  |f (Early American imprints. First series ; no. 39916). 
500 |a Electronic resource. 
655 7 |a Almanacs  |z New York (State)  |y 1729.  |2 rbgenr 
752 |a United States  |b New York  |d New York. 
830 0 |a Early American imprints.  |n Series I,  |p Evans (1639-1800) ;  |v no. 39916. 
856 4 1 |u http://proxy.library.tamu.edu/login?url=https://opac.newsbank.com/select/evans/39916  |y Evans Digital Edition  |t 0 
999 |a MARS 
999 f f |s 1d9e656d-20bd-371b-af9a-7ecd2303682e  |i b9f2c005-f5b1-316f-8688-946a20c09d75  |t 0 
952 f f |a Texas A&M University  |b College Station  |c Electronic Resources  |s www_evans  |d Available Online  |t 0  |h No information provided 
998 f f |t 0  |l Available Online